000 00614nam a2200193 i 4500
001 43175
003 ES-MaACL
005 20240421063015.0
007 t|
008 030317s1963 sp ||||1| spa d
100 1 _aCelaya, Gabriel,
_d1911-1991
_937346
245 1 0 _aVersos de otoño /
_cGabriel Celaya.
260 _aJerez de la Frontera :
_b[s.n.,
_c1963] (
_fImp. Avila)
300 _a47 p. ;
_c19 cm.
490 1 _aLa Venencia. Grupo Atalaya de Poesía ;
_v5
830 0 _aLa Venencia. Grupo Atalaya de Poesía ;
_v5
_9181980
852 _aES-MaACL
_jE-5118
_bR.53102
999 _c43175
_d43175